Stati per produzione di banane - Statistics

Statistiche generali
  • Questo quiz è stato fatto 17 volte
  • Il punteggio medio è 11 su 15
Statistiche sulle risposte
Continente Produzione (tonnellate) Stato % Corretto
America del Sud 6 764 324 Brasile
100%
Asia 13 324 337 Cina
100%
America del Sud 6 529 676 Ecuador
100%
Asia 29 124 000 India
100%
America del Nord 2 384 778 Messico
100%
America del Sud 2 043 668 Colombia
86%
America del Nord 2 409 543 Costa Rica
79%
America del Nord 3 775 150 Guatemala
79%
Asia 7 007 125 Indonesia
71%
Africa 1 341 478 Egitto
64%
Africa 3 559 639 Tanzania
64%
Africa 3 858 066 Angola
50%
Asia 1 941 935 Vietnam
50%
Asia 5 829 142 Filippine
43%
Africa 3 037 962 Ruanda
21%
Nessun quiz corrispondente trovato
Distribuzione punteggi
Percentuale di utenti per punteggio
Percentile per numero di risposta
I tuoi punteggi nel tempo
Non hai fatto questo quiz